000 01007cab a2200229 4500
001 WB2741-40
008 090401t1991 xxu||||| |||| 00| 0 eng d
035 _a(Sirsi) u20859
041 _aeng
245 _aForestry Commission reorganisation
260 _c1991
350 _a0
490 _aForestry Commission News
_v(235) 22 October 1991 (6)
520 _aGives details of Forestry Commission restructuring coming into effect from 1 April 1992. Main changes include the setting up of Forest Enterprise to manage the Commissions`s forest estate and the establishment of the Forestry Authority to administer the Woodland Grant scheme, carry out forestry research and well as regulating and monitoring standards. Lists key senior staff appointments. Maps show geographical boundaries of new structure.
650 _aFOREST ENTERPRISE
650 _aFORESTRY AUTHORITY
650 _aFORESTRY COMMISSION
650 _aRESTRUCTURE
690 _aRURAL PRACTICE
942 _n0
948 _c04/03/1997
999 _c13983
_d13983